01041nam a2200241 450000500170000001000190001702000270003603500180006303700090008108200110009010000280010124500500012925000060017926000330018527001240021830000270034249000120036950000600038194200250044199900190046695201570048595201570064220251028120232.0 aENG-146987-988 a9789389255164c1148.00 aEN-130519-520 bDBAD 21a546 aChadha, Ravinder985542 aDinesh Jee (Main) Chemistry/cRavinder Chadha a1 aDelhibS. Dinesh & Co.c2025 a4265, Gali No. 3, Mohalla Panjabian, Ansari Road, Darya GanjbDelhik011-23250628k011-23250058msdineshdelhi@gmail.com a618p., 683p.b28cm(pb) vVol 1,2 aFor Jee Main & Various State Engineering Entrance Tests 2ddccENe1h546mCHA c213678d213678 00103VOL-140708NFICaMbMd2025-10-28eDelivery of Books Act Divisiong574.00l0o546 CHApEN-130519r2025-10-28 00:00:00t1v574.00w2025-10-28yEN 00103VOL-240708NFICaMbMd2025-10-28eDelivery of Books Act Divisiong574.00l0o546 CHApEN-130520r2025-10-28 00:00:00t1v574.00w2025-10-28yEN